Pueblos y paisajes sudperuanos (Registro nro. 252)
[ vista simple ]
| 000 -Cabecera | |
|---|---|
| Campo de control interno | 00511nam a2200193Ia 4500 |
| 005 - Fecha y hora del registro | |
| control field | 20251205092046.0 |
| 008 - Elementos de Longitud Fija | |
| fixed length control field | 251203t1949||||xx |||||||||||||| ||spa|| |
| 041 ## - Idioma | |
| Codigo Idioma | ESP |
| 082 ## - DEWEY y NOTACIÓN INTERNA | |
| Dewey | 918.5 |
| Notación Interna | U77 |
| 100 ## - AUTOR | |
| Autor denominación | Uriel García, José, |
| Títulos y otras palabras asociadas con el nombre | AUT |
| 245 #0 - TÍTULO DE MATERIAL BIBLIOGRÁFICO | |
| Título | Pueblos y paisajes sudperuanos |
| 260 ## - CIUDAD, EDITORIAL, AÑO | |
| Ciudad | Lima : |
| Nombre de la Editorial | Editorial Cultura Antártica, |
| Año | 1949 |
| 300 ## - DESCRIPCIÓN | |
| N° Páginas | 224 páginas : |
| Otros detalles | |
| Dimensiones | 24 cm. |
| 650 ## - TEMAS | |
| Temas | Geografía |
| 653 ## - DESCRIPTORES | |
| Lenguajes no controlado | Perú - Descripciones y viajes |
| 654 ## - PROGRAMAS | |
| Programa | Todos los programas |
| 942 ## - ELEMENTOS DE KOHA | |
| Tipo de documento | Libro |
| Nombre del creador | Justo Noguera |
| Código de catalogador | Margarita Torres |
| Esquema de clasificación | Dewey Decimal Classification |
| Codigo completo | Registro | Colección | Copia número | Disponibilidad | Tipo de préstamo | Biblioteca Actual | Procedencia (Biblioteca) | Ubicacón | Fecha Ingreso | Tipo de Adquisición | Date last seen | Total checkouts | Price effective from | Tipo de Item | Estado del Material | Fuente de Clasificación | Damaged status | Withdrawn status |
|---|---|---|---|---|---|---|---|---|---|---|---|---|---|---|---|---|---|---|
| 918.5 U77 | 1085125 | Colección Vera Bejar | 1 | Restringido | Víctor Andrés Belaunde | Víctor Andrés Belaunde | Planta baja cerrada | 03/12/2025 | Donación | 03/12/2025 | 03/12/2025 | Libro | Regular | Dewey Decimal Classification | Withdrawn |




